Wierna rzeka : klechda domowa /

Na minha lista:
Detalhes bibliográficos
Autor principal: Żeromski, Stefan (1864-1925)
Autor Corporativo: Czytelnik
Formato: Livro
Idioma:polonês
Publicado em: Warszawa : "Czytelnik", 1989
Tags: Adicionar Tag
Sem tags, seja o primeiro a adicionar uma tag!

MARC

LEADER 00000nam a2200000 i 4500
001 991002500909705066
005 20260515140225.0
008 971010s1989 pl |000 f pol
020 |a 8307019893 
035 |a 991002500909705066 
035 |a (PL-WaBN)b10687233-48omnis_nlop 
035 |a b10687233 
035 |a (OCoLC)751275380 
035 |a (PL)b0000001068723 
035 |a (EXLNZ-48OMNIS_NETWORK)9910175172105606 
040 |a WA N  |c WA N 
080 |a 884-3 
090 |c 49  |d 48 
100 1 |a Żeromski, Stefan  |d (1864-1925) 
245 1 0 |a Wierna rzeka :  |b klechda domowa /  |c Stefan Żeromski. 
260 |a Warszawa :  |b "Czytelnik",  |c 1989  |e (Olszt. :  |f OZGSP). 
300 |a 159, [1] s. ;  |c 16 cm. 
500 |a W metryce oznaczono : Wyd. 8. 
710 2 |a Czytelnik 
920 |a 83-07-01989-3 
942 |c K 
952 |0 0  |1 0  |4 0  |6 R__27_000000000000000  |7 0  |9 47  |a RYT  |b RYT  |d 2026-03-17  |e 1/2026  |g 10.00  |l 0  |o R.27  |p 2000000000275  |r 2026-05-15 14:02:25  |w 2026-05-15  |y BK  |z da 
999 |c 47  |d 47